|
|
|
|
| LEADER |
01254nam a2200289 u 4500 |
| 001 |
10016260 |
| 003 |
upatras |
| 005 |
20210117204946.0 |
| 008 |
881025s1990 us eng |
| 020 |
|
|
|a 0262231395
|
| 040 |
|
|
|a GR-PaULI
|c GR-PaULI
|
| 041 |
0 |
|
|a eng
|
| 082 |
0 |
4 |
|a 621.392
|
| 100 |
1 |
|
|a Ward, Stephen A.
|9 137277
|
| 245 |
1 |
0 |
|a Computation structures
|c Stephen A. Ward, Robert H. Halstead
|
| 260 |
|
|
|a Cambridge
|a New York
|b The MIT Press
|b McGraw-Hill Book Company
|c 1990
|
| 300 |
|
|
|a xx, 789 p.
|b fig., tab.
|c 25 cm
|
| 490 |
0 |
|
|a The MIT electrical engineering and computer science series
|
| 505 |
1 |
|
|a Includes appendices, bibliography, index
|
| 650 |
|
4 |
|a Ηλεκτρονικοί υπολογιστές
|x Κυκλώματα
|9 109884
|
| 650 |
|
4 |
|9 1545
|a Αρχιτεκτονική ηλεκτρονικών υπολογιστών
|
| 700 |
1 |
|
|a Halstead, Robert H.
|9 120485
|
| 760 |
1 |
|
|a MIT electrical engineering and computer science series
|
| 852 |
|
|
|a GR-PaULI
|b ΠΑΤΡΑ
|b ΒΚΠ
|b ΒΣ1
|k ΑΣΧΞ
|h 621.392 W
|m 33264
|p 025000055729
|t 1
|
| 942 |
|
|
|2 ddc
|c BK15
|
| 952 |
|
|
|0 0
|1 0
|4 0
|6 621_392000000000000_W
|7 0
|9 164266
|a LISP
|b LISP
|c BSC
|d 2016-04-24
|i 33264
|l 0
|o 621.392 W
|p 025000055729
|r 2016-04-24 00:00:00
|t 1
|w 2016-04-24
|y BK15
|
| 999 |
|
|
|c 103028
|d 103028
|